000 00349cam a2200145ua 4500
041 _aeng
_h
082 _a821
_bARN/PO
100 _aArnold, .
245 _aPoetry and prose /
_cArnold.
_hTextual Documents
260 _aLondon :
_bOxford at the Clarendon Press ,
_c1963.
300 _a187 ; .
504 _a
942 _cBK
999 _c4993
_d4993